MARC

LEADER 00000nam0a2200000 4500
001 186887
005 20231031173823.0
035 |a (RuTPU)RU\TPU\book\202767 
090 |a 186887 
100 |a 20101103d1978 m y0rusy50 ca 
101 0 |a rus 
102 |a RU 
105 |a y z 000zy 
200 1 |a Навыки и умения лектора  |e краткий психологический очерк  |f В. Р. Сахаров 
210 |a Москва  |c Знание  |d 1978 
215 |a 64 с. 
225 1 |a Знание 
225 1 |a Методика лекторского мастерства и ораторского искусства 
610 1 |a лекторское мастерство 
610 1 |a лекторы 
610 1 |a навыки 
610 1 |a умения 
610 1 |a умственные способности 
610 1 |a речевые способности 
610 1 |a психологический анализ 
675 |a 379.3  |v 3 
700 1 |a Сахаров  |b В. Р.  |g Валерий Родионович 
801 1 |a RU  |b 63413507  |c 20101103 
801 2 |a RU  |b 63413507  |c 20110203  |g RCR 
942 |c BK